00729cam a22002531 4500001001300000003000400013005001700017008004100034010001700075035002000092040002300112042001200135043001200147050001600159100002100175245008200196250002400278260004300302300001900345500001400364504003100378650004900409999001700458sa 67001318 DLC20260227112321.0890724s1966 ii b 000 0 hino  asa 67001318  a(OCoLC)20059984 aDLCcWaUdNRUdDLC apremarc aa-ii---00aPK2042b.S90 aSurendra,d1939-10aNaī kahānī: daśā, diśā, sambhāvanā. [Sampādaka] Surendra. a[1. saṃskaraṇa. aJayapura,bApolo Pablikeśana,c1966] a384 p.c23 cm. aIn Hindi. aBibliographical footnotes. 0aShort stories, HindixHistory and criticism. c72536d72536